[Event "DEM U14 2018"]
[Site "Willingen GER"]
[Date "2018.05.22"]
[Round "4"]
[White "Musiolik, David"]
[Black "Reimer, Philip"]
[Result "1-0"]
[Termination "normal"]
[Board "13"]
[WhiteElo "2089"]
[BlackElo "1580"]
[WhiteClock "00:31:08"]
[BlackClock "00:01:06"]
[PlyCount "71"]
[WhiteFideId "12972355"]
[BlackFideId "16235860"]
[EventCountry "GER"]
[EventRounds "9"]
[EventType "swiss"]
[EventDate "2018.05.19"]

1. e4 {[%clk 1:30:56]} 1... c5 {[%clk 1:30:57]} 2. Nf3 {[%clk 1:31:21]} 2... e6
{[%clk 1:31:24]} 3. d4 {[%clk 1:31:45]} 3... cxd4 {[%clk 1:31:51]} 4. Nxd4 {
[%clk 1:32:09]} 4... Nc6 {[%clk 1:32:17]} 5. Nc3 {[%clk 1:32:21]} 5... Nf6 {
[%clk 1:32:43]} 6. Ndb5 {[%clk 1:32:33]} 6... d6 {[%clk 1:32:59]} 7. Bf4 {
[%clk 1:32:56]} 7... e5 {[%clk 1:33:25]} 8. Bg5 {[%clk 1:33:23]} 8... a6 {
[%clk 1:33:48]} 9. Na3 {[%clk 1:33:48]} 9... b5 {[%clk 1:34:11]} 10. Nd5 {
[%clk 1:34:03]} 10... Qa5+ {[%clk 1:34:32]} 11. Bd2 {[%clk 1:28:11]} 11... Qd8
{[%clk 1:34:53]} 12. c4 {[%clk 1:20:17]} 12... Nxe4 {[%clk 1:34:55]} 13. cxb5 {
[%clk 1:19:29]} 13... Be6 {[%clk 1:35:18]} 14. Nc3 {[%clk 1:11:23]} 14... Qh4 {
[%clk 1:00:36]} 15. Qf3 {[%clk 1:09:47]} 15... Nd4 {[%clk 0:47:56]} 16. Qxe4 {
[%clk 1:09:25]} 16... Qxe4+ {[%clk 0:48:21]} 17. Nxe4 {[%clk 1:09:48]} 17... d5
{[%clk 0:48:41]} 18. Bd3 {[%clk 0:59:32]} 18... Bxa3 {[%clk 0:38:54]} 19. bxa3
{[%clk 0:58:17]} 19... dxe4 {[%clk 0:36:59]} 20. Bxe4 {[%clk 0:58:41]} 20...
O-O {[%clk 0:35:24]} 21. Bxa8 {[%clk 0:46:02]} 21... Rxa8 {[%clk 0:20:53]} 22.
O-O {[%clk 0:40:55]} 22... Bc4 {[%clk 0:20:39]} 23. Rfd1 {[%clk 0:40:31]} 23...
axb5 {[%clk 0:19:33]} 24. Bb4 {[%clk 0:39:38]} 24... f6 {[%clk 0:18:00]} 25.
Rd2 {[%clk 0:38:35]} 25... Kf7 {[%clk 0:15:02]} 26. f3 {[%clk 0:37:30]} 26...
Ke6 {[%clk 0:10:56]} 27. Kf2 {[%clk 0:37:24]} 27... Rc8 {[%clk 0:04:07]} 28.
Re1 {[%clk 0:36:24]} 28... Kf5 {[%clk 0:04:07]} 29. h3 {[%clk 0:31:39]} 29...
Rc7 {[%clk 0:03:16]} 30. g4+ {[%clk 0:29:34]} 30... Kg5 {[%clk 0:02:05]} 31.
f4+ {[%clk 0:29:54]} 31... Kh4 {[%clk 0:00:47]} 32. fxe5 {[%clk 0:29:55]} 32...
fxe5 {[%clk 0:00:59]} 33. Rxe5 {[%clk 0:30:06]} 33... Rf7+ {[%clk 0:00:54]} 34.
Ke3 {[%clk 0:30:18]} 34... Nf3 {[%clk 0:00:40]} 35. Rh5+ {[%clk 0:30:43]} 35...
Kg3 {[%clk 0:01:06]} 36. Bd6+ {[%clk 0:31:08]} 1-0

[Event "DEM U14 2018"]
[Site "Willingen GER"]
[Date "2018.05.22"]
[Round "4"]
[White "Fromm, Marius"]
[Black "Post, Hugo"]
[Result "0-1"]
[Termination "normal"]
[Board "14"]
[WhiteElo "2014"]
[BlackElo "1983"]
[WhiteClock "00:04:17"]
[BlackClock "00:05:04"]
[PlyCount "68"]
[WhiteFideId "12993190"]
[BlackFideId "12962490"]
[EventCountry "GER"]
[EventRounds "9"]
[EventType "swiss"]
[EventDate "2018.05.19"]

1. Nf3 {[%clk 1:30:57]} 1... Nf6 {[%clk 1:30:43]} 2. c4 {[%clk 1:31:18]} 2...
e6 {[%clk 1:30:52]} 3. g3 {[%clk 1:31:41]} 3... d5 {[%clk 1:30:53]} 4. Bg2 {
[%clk 1:32:03]} 4... dxc4 {[%clk 1:30:34]} 5. Qa4+ {[%clk 1:32:05]} 5... c6 {
[%clk 1:29:20]} 6. Qxc4 {[%clk 1:32:28]} 6... b5 {[%clk 1:28:54]} 7. Qb3 {
[%clk 1:28:00]} 7... Be7 {[%clk 1:26:56]} 8. Nc3 {[%clk 1:22:09]} 8... O-O {
[%clk 1:19:25]} 9. O-O {[%clk 1:18:21]} 9... a6 {[%clk 1:16:14]} 10. d4 { [%clk
1:18:00]} 10... Bb7 {[%clk 1:13:44]} 11. Rd1 {[%clk 1:17:23]} 11... Qc8 { [%clk
1:10:25]} 12. Be3 {[%clk 0:59:40]} 12... Nbd7 {[%clk 1:07:40]} 13. Ne5 { [%clk
0:54:04]} 13... Nxe5 {[%clk 0:57:28]} 14. dxe5 {[%clk 0:54:28]} 14... Ng4
{[%clk 0:56:22]} 15. Bf4 {[%clk 0:47:45]} 15... g5 {[%clk 0:54:34]} 16. Bd2 {
[%clk 0:39:04]} 16... Nxe5 {[%clk 0:53:14]} 17. Ne4 {[%clk 0:38:37]} 17... f6 {
[%clk 0:33:17]} 18. Rac1 {[%clk 0:19:13]} 18... Nc4 {[%clk 0:27:39]} 19. Qc2 {
[%clk 0:16:51]} 19... Nxd2 {[%clk 0:12:39]} 20. Rxd2 {[%clk 0:16:34]} 20... Rd8
{[%clk 0:12:12]} 21. Rcd1 {[%clk 0:12:35]} 21... Rd5 {[%clk 0:12:08]} 22. Nd6 {
[%clk 0:11:30]} 22... Bxd6 {[%clk 0:12:17]} 23. Bxd5 {[%clk 0:11:26]} 23...
cxd5 {[%clk 0:12:46]} 24. Qd3 {[%clk 0:10:57]} 24... Qc4 {[%clk 0:12:02]} 25.
Qf3 {[%clk 0:10:34]} 25... Be5 {[%clk 0:11:58]} 26. b3 {[%clk 0:10:54]} 26...
Qc6 {[%clk 0:11:33]} 27. e3 {[%clk 0:09:28]} 27... Rc8 {[%clk 0:11:25]} 28. h4
{[%clk 0:07:45]} 28... h6 {[%clk 0:10:43]} 29. Qh1 {[%clk 0:07:34]} 29... g4 {
[%clk 0:07:04]} 30. h5 {[%clk 0:07:45]} 30... f5 {[%clk 0:07:11]} 31. Qg2 {
[%clk 0:05:26]} 31... b4 {[%clk 0:07:12]} 32. Qh1 {[%clk 0:05:07]} 32... Qe8 {
[%clk 0:06:45]} 33. Qh4 {[%clk 0:05:00]} 33... Qf7 {[%clk 0:06:43]} 34. e4 {
[%clk 0:04:17]} 34... Bf6 {[%clk 0:05:04]} 0-1

[Event "DEM U14 2018"]
[Site "Willingen GER"]
[Date "2018.05.22"]
[Round "4"]
[White "Haller, Luis"]
[Black "Kotyk, Michael"]
[Result "1-0"]
[Termination "normal"]
[Board "15"]
[WhiteElo "1711"]
[BlackElo "2064"]
[WhiteClock "00:06:18"]
[BlackClock "00:18:37"]
[PlyCount "87"]
[WhiteFideId "16209826"]
[BlackFideId "16214501"]
[EventCountry "GER"]
[EventRounds "9"]
[EventType "swiss"]
[EventDate "2018.05.19"]

1. e4 {[%clk 1:30:57]} 1... e5 {[%clk 1:30:57]} 2. Nf3 {[%clk 1:31:22]} 2...
Nc6 {[%clk 1:31:24]} 3. Bb5 {[%clk 1:31:47]} 3... Nge7 {[%clk 1:31:50]} 4. O-O
{[%clk 1:32:02]} 4... g6 {[%clk 1:31:42]} 5. c3 {[%clk 1:32:26]} 5... Bg7 {
[%clk 1:31:57]} 6. d4 {[%clk 1:32:45]} 6... exd4 {[%clk 1:32:24]} 7. cxd4 {
[%clk 1:33:10]} 7... d5 {[%clk 1:32:28]} 8. e5 {[%clk 1:33:19]} 8... h6 { [%clk
1:32:18]} 9. Nc3 {[%clk 1:33:26]} 9... O-O {[%clk 1:32:40]} 10. Be3 { [%clk
1:32:40]} 10... Kh7 {[%clk 1:32:29]} 11. Qd2 {[%clk 1:26:15]} 11... Bg4 { [%clk
1:31:07]} 12. Ne1 {[%clk 1:22:32]} 12... f6 {[%clk 1:27:37]} 13. f4 { [%clk
1:20:12]} 13... a6 {[%clk 1:20:22]} 14. Bd3 {[%clk 1:16:38]} 14... fxe5 { [%clk
1:20:37]} 15. fxe5 {[%clk 1:16:53]} 15... Rxf1+ {[%clk 1:16:49]} 16. Bxf1
{[%clk 1:15:50]} 16... Qd7 {[%clk 1:13:07]} 17. Nd3 {[%clk 1:14:30]} 17... Rf8
{[%clk 1:04:27]} 18. Nc5 {[%clk 1:13:25]} 18... Qc8 {[%clk 1:04:32]} 19. Re1 {
[%clk 1:07:48]} 19... b6 {[%clk 1:02:40]} 20. Bxa6 {[%clk 1:01:38]} 20... Qa8 {
[%clk 0:51:08]} 21. Bb7 {[%clk 1:01:43]} 21... Qb8 {[%clk 0:51:09]} 22. Bxc6 {
[%clk 1:01:26]} 22... Nxc6 {[%clk 0:51:36]} 23. Nd3 {[%clk 1:01:14]} 23... Ne7
{[%clk 0:51:49]} 24. h3 {[%clk 0:56:14]} 24... Bf5 {[%clk 0:46:34]} 25. Nf4 {
[%clk 0:52:23]} 25... Rd8 {[%clk 0:45:16]} 26. g4 {[%clk 0:49:50]} 26... Bc8 {
[%clk 0:45:34]} 27. b4 {[%clk 0:43:31]} 27... c5 {[%clk 0:42:52]} 28. bxc5 {
[%clk 0:42:36]} 28... bxc5 {[%clk 0:43:07]} 29. Rb1 {[%clk 0:39:51]} 29... Qa7
{[%clk 0:39:44]} 30. Nb5 {[%clk 0:38:37]} 30... Qa4 {[%clk 0:39:08]} 31. Nc3 {
[%clk 0:29:47]} 31... Qa7 {[%clk 0:35:36]} 32. dxc5 {[%clk 0:26:39]} 32... d4 {
[%clk 0:34:44]} 33. Ne4 {[%clk 0:22:02]} 33... Bxe5 {[%clk 0:33:37]} 34. g5 {
[%clk 0:16:14]} 34... Bf5 {[%clk 0:31:14]} 35. Nf6+ {[%clk 0:14:43]} 35... Bxf6
{[%clk 0:31:21]} 36. gxf6 {[%clk 0:15:06]} 36... Nc6 {[%clk 0:31:42]} 37. Rb6 {
[%clk 0:12:30]} 37... dxe3 {[%clk 0:31:03]} 38. Qg2 {[%clk 0:12:47]} 38... Rd1+
{[%clk 0:30:06]} 39. Kh2 {[%clk 0:13:04]} 39... Qc7 {[%clk 0:30:24]} 40. Qf3 {
[%clk 0:12:41]} 40... g5 {[%clk 0:28:04]} 41. f7 {[%clk 0:10:43]} 41... Ne5 {
[%clk 0:21:08]} 42. Rxh6+ {[%clk 0:08:00]} 42... Kg7 {[%clk 0:19:40]} 43. Ne6+
{[%clk 0:06:18]} 43... Kxh6 {[%clk 0:18:37]} 44. f8=Q+ 1-0

[Event "DEM U14 2018"]
[Site "Willingen GER"]
[Date "2018.05.22"]
[Round "4"]
[White "Hinrichs, Paul"]
[Black "Hoffmann, Simon"]
[Result "0-1"]
[Termination "normal"]
[Board "16"]
[WhiteElo "1928"]
[BlackElo "1760"]
[PlyCount "60"]
[WhiteFideId "12942545"]
[BlackFideId "12979686"]
[EventCountry "GER"]
[EventRounds "9"]
[EventType "swiss"]
[EventDate "2018.05.19"]

1. d4 d5 2. c4 e6 3. Nc3 c5 4. cxd5 exd5 5. Nf3 Nc6 6. g3 Nf6 7. Bg2 cxd4 8.
Nxd4 Bc5 9. Nb3 Bb4 10. O-O Bxc3 11. bxc3 O-O 12. Qc2 Qe7 13. Bg5 Be6 14. Rfd1
Rac8 15. Rac1 h6 16. Be3 b6 17. Nd4 Ne5 18. Bf4 Nc4 19. Re1 Qd7 20. Nxe6 fxe6
21. Rcd1 Kh8 22. e4 e5 23. Bc1 d4 24. Qb1 Rfe8 25. cxd4 exd4 26. Bb2 Nxb2 27.
Qxb2 d3 28. Qb3 d2 29. Re2 Rc1 30. Rexd2 Qxd2 0-1

[Event "DEM U14 2018"]
[Site "Willingen GER"]
[Date "2018.05.22"]
[Round "4"]
[White "Simukov, Erik"]
[Black "Arakelian, Aik"]
[Result "0-1"]
[Termination "normal"]
[Board "17"]
[WhiteElo "1750"]
[BlackElo "1932"]
[PlyCount "54"]
[WhiteFideId "12995380"]
[BlackFideId "16220340"]
[EventCountry "GER"]
[EventRounds "9"]
[EventType "swiss"]
[EventDate "2018.05.19"]

1. e4 c5 2. Nc3 e6 3. Nf3 Nc6 4. d4 cxd4 5. Nxd4 Qc7 6. Be2 a6 7. O-O Bd6 8.
Ndb5 axb5 9. Nxb5 Bxh2+ 10. Kh1 Qb8 11. g3 Bxg3 12. fxg3 Nf6 13. Nd6+ Ke7 14.
e5 Nxe5 15. Bf4 Qxd6 16. Qxd6+ Kxd6 17. Rfd1+ Ke7 18. Bxe5 d5 19. c4 Rd8 20.
Rd4 Bd7 21. Bf3 Bc6 22. c5 Ne8 23. Rd2 f6 24. Bd4 e5 25. Bf2 Nc7 26. b4 Ra3 27.
Bg2 Rda8 0-1

[Event "DEM U14 2018"]
[Site "Willingen GER"]
[Date "2018.05.22"]
[Round "4"]
[White "Hetzner, Hannes"]
[Black "Bornholdt, Joa Max"]
[Result "1-0"]
[Termination "normal"]
[Board "18"]
[WhiteElo "1868"]
[BlackElo "1672"]
[PlyCount "47"]
[WhiteFideId "16211936"]
[BlackFideId "16253477"]
[EventCountry "GER"]
[EventRounds "9"]
[EventType "swiss"]
[EventDate "2018.05.19"]

1. e4 g6 2. d4 Bg7 3. Nc3 d6 4. f4 a6 5. Nf3 Bg4 6. Be3 Nc6 7. Be2 e6 8. Qd2
Nge7 9. h3 Bxf3 10. Bxf3 Qd7 11. a3 Rb8 12. O-O b5 13. Ne2 O-O 14. Rad1 Rfe8
15. Kh1 f5 16. d5 Nd8 17. dxe6 Nxe6 18. e5 Nc8 19. Qc3 Rd8 20. Bd5 c5 21. Bxc5
dxc5 22. Bxe6+ Qxe6 23. Rxd8+ Kf7 24. Qxc5 1-0

[Event "DEM U14 2018"]
[Site "Willingen GER"]
[Date "2018.05.22"]
[Round "4"]
[White "Sperling, Niclas"]
[Black "Pahl, Theis"]
[Result "0-1"]
[Termination "normal"]
[Board "19"]
[WhiteElo "1548"]
[BlackElo "1987"]
[PlyCount "66"]
[WhiteFideId "16204000"]
[BlackFideId "16201264"]
[EventCountry "GER"]
[EventRounds "9"]
[EventType "swiss"]
[EventDate "2018.05.19"]

1. e4 c5 2. Nf3 d6 3. d4 cxd4 4. Nxd4 Nf6 5. Nc3 a6 6. Be3 Ng4 7. Bg5 h6 8. Bc1
Nf6 9. Be3 e5 10. Nb3 Be7 11. Be2 Nbd7 12. a4 b6 13. O-O Bb7 14. f3 O-O 15. Qe1
Qc7 16. Rd1 Rac8 17. Qf2 Nh5 18. g3 Kh7 19. Rd2 g6 20. Rfd1 Ng7 21. f4 f5 22.
fxe5 fxe4 23. exd6 Bxd6 24. Bf4 Rxf4 25. gxf4 e3 26. Qxe3 Bxf4 27. Qf2 Nf6 28.
Rd3 Nf5 29. Nd4 Qe5 30. Nxf5 gxf5 31. Re1 Bxh2+ 32. Qxh2 Rg8+ 33. Rg3 Rxg3+ 0-1

[Event "DEM U14 2018"]
[Site "Willingen GER"]
[Date "2018.05.22"]
[Round "4"]
[White "Breitzmann, Sander"]
[Black "Kanzow, Alexander"]
[Result "0-1"]
[Termination "normal"]
[Board "20"]
[WhiteElo "1858"]
[BlackElo "1631"]
[PlyCount "72"]
[WhiteFideId "12987085"]
[BlackFideId "16225414"]
[EventCountry "GER"]
[EventRounds "9"]
[EventType "swiss"]
[EventDate "2018.05.19"]

1. e4 e6 2. d4 d5 3. Nc3 Nf6 4. e5 Nfd7 5. f4 c5 6. Nf3 Nc6 7. Ne2 Be7 8. c3
O-O 9. Be3 b6 10. Qd2 f6 11. g3 fxe5 12. dxe5 Qc7 13. Bg2 b5 14. h4 Nb6 15. h5
Nc4 16. Qc1 b4 17. h6 g6 18. Bh3 Rb8 19. b3 Nxe3 20. Qxe3 bxc3 21. Qxc3 Qb6 22.
O-O d4 23. Qd3 Nb4 24. Qd1 d3 25. Nc3 Nc2 26. Na4 Qc6 27. Nd2 Bb7 28. Kh2 Nxa1
29. Qxa1 Rf5 30. g4 Rf7 31. f5 gxf5 32. gxf5 exf5 33. Nf3 Qxh6 34. e6 Rg7 35.
Qe5 Rd8 36. Nxc5 Bd6 0-1

[Event "DEM U14 2018"]
[Site "Willingen GER"]
[Date "2018.05.22"]
[Round "4"]
[White "Liebold, Aaron"]
[Black "Block, Timo"]
[Result "1/2-1/2"]
[Termination "normal"]
[Board "22"]
[WhiteElo "1874"]
[BlackElo "1769"]
[PlyCount "116"]
[WhiteFideId "12997846"]
[BlackFideId "16201116"]
[EventCountry "GER"]
[EventRounds "9"]
[EventType "swiss"]
[EventDate "2018.05.19"]

1. e4 e6 2. d4 d5 3. Nd2 Nf6 4. e5 Nfd7 5. Bd3 c5 6. c3 Nc6 7. Ne2 cxd4 8. cxd4
f6 9. exf6 Nxf6 10. Nf3 Bd6 11. O-O Qc7 12. h3 O-O 13. Re1 Bd7 14. Be3 Rae8 15.
Rc1 Qb8 16. Nc3 a6 17. Bb1 b5 18. Bg5 a5 19. Qd3 Nb4 20. Qd1 Nc6 21. Qd3 Nb4
22. Qd2 h6 23. Be3 Nc6 24. Nh4 Ne7 25. Ng6 Nxg6 26. Bxg6 Re7 27. Ne2 Bb4 28.
Nc3 Be8 29. Bb1 Bd6 30. Ne2 b4 31. Bf4 Nh5 32. Bxd6 Qxd6 33. Qd3 g5 34. Rc5 Nf4
35. Nxf4 Qxf4 36. f3 Qd6 37. Rxa5 Rg7 38. Ra6 Qf4 39. Raxe6 Bd7 40. R6e5 Qg3
41. Qe2 Bxh3 42. Re8 Bd7 43. Rxf8+ Kxf8 44. Bf5 Bb5 45. Qe6 Bd7 46. Qe5 Qxe5
47. Rxe5 Rf7 48. Bd3 Rf4 49. Rxd5 Be6 50. Rd6 Ke7 51. Rb6 Rxd4 52. Be4 g4 53.
b3 gxf3 54. Bxf3 Rd2 55. Rxb4 Rxa2 56. Re4 Kf6 57. b4 Rb2 58. Kh2 Bf5 1/2-1/2

[Event "DEM U14 2018"]
[Site "Willingen GER"]
[Date "2018.05.23"]
[Round "5"]
[White "Trifan, Andrei Ioan"]
[Black "Svane, Frederik"]
[Result "1-0"]
[Termination "normal"]
[Board "1"]
[WhiteElo "2204"]
[BlackElo "2264"]
[WhiteClock "00:44:22"]
[BlackClock "00:04:36"]
[PlyCount "57"]
[WhiteFideId "12967068"]
[BlackFideId "12923044"]
[EventCountry "GER"]
[EventRounds "9"]
[EventType "swiss"]
[EventDate "2018.05.19"]

1. e4 {[%clk 1:30:53]} 1... c5 {[%clk 1:30:55]} 2. Nf3 {[%clk 1:31:18]} 2... e6
{[%clk 1:31:20]} 3. c4 {[%clk 1:31:20]} 3... a6 {[%clk 1:31:46]} 4. Nc3 { [%clk
1:30:47]} 4... Qc7 {[%clk 1:32:11]} 5. Be2 {[%clk 1:30:12]} 5... b6 { [%clk
1:32:36]} 6. O-O {[%clk 1:29:41]} 6... Bb7 {[%clk 1:33:04]} 7. d4 { [%clk
1:29:10]} 7... cxd4 {[%clk 1:33:27]} 8. Nxd4 {[%clk 1:29:08]} 8... Nf6 { [%clk
1:33:51]} 9. f3 {[%clk 1:29:03]} 9... d6 {[%clk 1:34:13]} 10. Be3 { [%clk
1:28:25]} 10... Nbd7 {[%clk 1:34:29]} 11. Qd2 {[%clk 1:23:48]} 11... Rc8 {[%clk
1:34:33]} 12. a4 {[%clk 1:18:09]} 12... Ne5 {[%clk 1:14:23]} 13. Rfc1 { [%clk
1:15:25]} 13... Qb8 {[%clk 1:08:51]} 14. a5 {[%clk 1:10:15]} 14... Nxc4 { [%clk
0:50:21]} 15. Bxc4 {[%clk 1:09:10]} 15... Rxc4 {[%clk 0:50:48]} 16. axb6 {[%clk
1:09:10]} 16... Be7 {[%clk 0:48:22]} 17. Nb3 {[%clk 1:04:14]} 17... Nd7 {[%clk
0:30:20]} 18. Na5 {[%clk 1:02:46]} 18... Rc8 {[%clk 0:30:43]} 19. Qe2 { [%clk
1:01:15]} 19... Bd8 {[%clk 0:26:42]} 20. Nxb7 {[%clk 0:56:24]} 20... Qxb7
{[%clk 0:26:57]} 21. Rxa6 {[%clk 0:51:34]} 21... Nc5 {[%clk 0:24:50]} 22. Nb5 {
[%clk 0:49:25]} 22... Be7 {[%clk 0:11:16]} 23. Ra7 {[%clk 0:46:41]} 23... Qxb6
{[%clk 0:10:17]} 24. b4 {[%clk 0:46:10]} 24... Rb8 {[%clk 0:08:12]} 25. bxc5 {
[%clk 0:45:05]} 25... Qxb5 {[%clk 0:08:38]} 26. Qxb5+ {[%clk 0:44:57]} 26...
Rxb5 {[%clk 0:09:04]} 27. cxd6 {[%clk 0:44:57]} 27... Bd8 {[%clk 0:08:52]} 28.
Rc8 {[%clk 0:44:22]} 28... h6 {[%clk 0:04:36]} 29. Re7+ 1-0

[Event "DEM U14 2018"]
[Site "Willingen GER"]
[Date "2018.05.23"]
[Round "5"]
[White "Dobrikov, Marco"]
[Black "Krastev, Alexander"]
[Result "0-1"]
[Termination "normal"]
[Board "2"]
[WhiteElo "2151"]
[BlackElo "2230"]
[WhiteClock "00:12:50"]
[BlackClock "00:38:51"]
[PlyCount "86"]
[WhiteFideId "12950378"]
[BlackFideId "12989983"]
[EventCountry "GER"]
[EventRounds "9"]
[EventType "swiss"]
[EventDate "2018.05.19"]

1. e4 {[%clk 1:30:55]} 1... e5 {[%clk 1:30:55]} 2. Nf3 {[%clk 1:31:18]} 2...
Nc6 {[%clk 1:31:20]} 3. Bc4 {[%clk 1:31:45]} 3... Bc5 {[%clk 1:31:40]} 4. O-O {
[%clk 1:31:55]} 4... Nf6 {[%clk 1:32:00]} 5. d3 {[%clk 1:32:06]} 5... O-O {
[%clk 1:31:24]} 6. c3 {[%clk 1:31:49]} 6... d5 {[%clk 1:31:43]} 7. exd5 { [%clk
1:32:12]} 7... Nxd5 {[%clk 1:32:08]} 8. a4 {[%clk 1:31:47]} 8... Bg4 { [%clk
1:25:06]} 9. b4 {[%clk 1:24:24]} 9... Be7 {[%clk 1:25:17]} 10. Re1 { [%clk
1:09:35]} 10... Bf6 {[%clk 1:23:15]} 11. b5 {[%clk 0:45:04]} 11... Na5 { [%clk
1:21:27]} 12. h3 {[%clk 0:43:43]} 12... Bh5 {[%clk 1:06:49]} 13. g4 { [%clk
0:35:31]} 13... Bg6 {[%clk 1:06:44]} 14. g5 {[%clk 0:32:59]} 14... Be7 { [%clk
1:06:57]} 15. Bxd5 {[%clk 0:32:38]} 15... Qxd5 {[%clk 1:06:39]} 16. Nxe5 {[%clk
0:26:40]} 16... Bd6 {[%clk 1:04:41]} 17. Bf4 {[%clk 0:24:57]} 17... Rae8 {[%clk
1:03:07]} 18. Nxg6 {[%clk 0:21:07]} 18... hxg6 {[%clk 0:53:43]} 19. Be3 {[%clk
0:18:35]} 19... Nb3 {[%clk 0:50:57]} 20. c4 {[%clk 0:17:21]} 20... Qe5 { [%clk
0:51:01]} 21. Qxb3 {[%clk 0:17:17]} 21... Qxa1 {[%clk 0:50:44]} 22. d4 { [%clk
0:17:32]} 22... c5 {[%clk 0:48:27]} 23. Rd1 {[%clk 0:15:46]} 23... Rxe3 { [%clk
0:38:56]} 24. fxe3 {[%clk 0:15:42]} 24... cxd4 {[%clk 0:39:22]} 25. exd4 {[%clk
0:16:04]} 25... Re8 {[%clk 0:39:33]} 26. c5 {[%clk 0:15:38]} 26... Bf4 { [%clk
0:38:30]} 27. Nc3 {[%clk 0:14:25]} 27... Re1+ {[%clk 0:38:54]} 28. Rxe1 Qxe1+
29. Kg2 {[%clk 0:11:21]} 29... Qg3+ {[%clk 0:37:45]} 30. Kf1 { [%clk 0:11:50]}
30... Bd2 {[%clk 0:37:35]} 31. Ke2 {[%clk 0:10:27]} 31... Qe3+ {[%clk 0:37:23]}
32. Kd1 {[%clk 0:10:41]} 32... Bxc3 {[%clk 0:37:43]} 33. Kc2 { [%clk 0:09:19]}
33... Qd2+ {[%clk 0:37:45]} 34. Kb1 {[%clk 0:09:48]} 34... Bxd4 {[%clk
0:37:32]} 35. c6 {[%clk 0:10:01]} 35... bxc6 {[%clk 0:37:44]} 36. bxc6 { [%clk
0:10:28]} 36... Qe1+ {[%clk 0:37:05]} 37. Kc2 {[%clk 0:10:56]} 37... Qe4+
{[%clk 0:37:22]} 38. Kd2 {[%clk 0:10:59]} 38... Qxc6 {[%clk 0:37:33]} 39. Qb8+
{[%clk 0:11:18]} 39... Kh7 {[%clk 0:37:58]} 40. Qf4 {[%clk 0:11:38]} 40... Qc3+
{[%clk 0:37:59]} 41. Ke2 {[%clk 0:11:59]} 41... Qc2+ {[%clk 0:38:17]} 42. Ke1 {
[%clk 0:12:24]} 42... Bc3+ {[%clk 0:38:28]} 43. Kf1 {[%clk 0:12:50]} 43... Qf5
{[%clk 0:38:51]} 0-1

[Event "DEM U14 2018"]
[Site "Willingen GER"]
[Date "2018.05.23"]
[Round "5"]
[White "Bethke, Richard"]
[Black "Dahl, Christoph"]
[Result "1-0"]
[Termination "normal"]
[Board "4"]
[WhiteElo "2148"]
[BlackElo "1965"]
[WhiteClock "00:05:41"]
[BlackClock "00:25:45"]
[PlyCount "111"]
[WhiteFideId "12959243"]
[BlackFideId "16240235"]
[EventCountry "GER"]
[EventRounds "9"]
[EventType "swiss"]
[EventDate "2018.05.19"]

1. e4 {[%clk 1:30:58]} 1... e5 {[%clk 1:30:44]} 2. Nf3 {[%clk 1:31:24]} 2...
Nc6 {[%clk 1:30:47]} 3. Bc4 {[%clk 1:31:46]} 3... Nf6 {[%clk 1:30:46]} 4. d3 {
[%clk 1:32:09]} 4... Be7 {[%clk 1:30:54]} 5. O-O {[%clk 1:32:32]} 5... O-O {
[%clk 1:30:55]} 6. Re1 {[%clk 1:32:52]} 6... d6 {[%clk 1:30:44]} 7. a4 { [%clk
1:33:16]} 7... h6 {[%clk 1:30:42]} 8. a5 {[%clk 1:32:47]} 8... Nh7 { [%clk
1:30:25]} 9. a6 {[%clk 1:31:47]} 9... b6 {[%clk 1:30:15]} 10. h3 { [%clk
1:31:06]} 10... Ng5 {[%clk 1:29:46]} 11. c3 {[%clk 1:29:51]} 11... Kh8 { [%clk
1:28:35]} 12. b4 {[%clk 1:26:54]} 12... Bd7 {[%clk 1:26:34]} 13. Bd5 { [%clk
1:24:22]} 13... Rb8 {[%clk 1:25:05]} 14. Nbd2 {[%clk 1:22:50]} 14... Bf6 {[%clk
1:22:12]} 15. Nf1 {[%clk 1:20:10]} 15... Nxf3+ {[%clk 1:18:26]} 16. Qxf3 {[%clk
1:20:32]} 16... Bg5 {[%clk 1:18:22]} 17. Bxc6 {[%clk 0:50:14]} 17... Bxc6
{[%clk 1:18:28]} 18. g4 {[%clk 0:41:34]} 18... Bxc1 {[%clk 1:14:40]} 19. Rexc1
{[%clk 0:41:16]} 19... Qg5 {[%clk 1:08:01]} 20. Ng3 {[%clk 0:35:10]} 20... g6
{[%clk 1:06:09]} 21. Kh2 {[%clk 0:35:12]} 21... Bd7 {[%clk 1:05:32]} 22. c4
{[%clk 0:32:59]} 22... f5 {[%clk 1:02:18]} 23. gxf5 {[%clk 0:21:20]} 23... gxf5
{[%clk 1:02:20]} 24. Qg2 {[%clk 0:20:29]} 24... f4 {[%clk 1:01:56]} 25. Nf5
{[%clk 0:18:09]} 25... Qxg2+ {[%clk 1:00:03]} 26. Kxg2 {[%clk 0:17:13]} 26...
Bxf5 {[%clk 0:59:50]} 27. exf5 {[%clk 0:17:38]} 27... Rxf5 { [%clk 0:59:57]}
28. Kf3 {[%clk 0:17:58]} 28... Rh5 {[%clk 0:57:38]} 29. Ke4 { [%clk 0:17:49]}
29... c6 {[%clk 0:55:45]} 30. b5 {[%clk 0:17:36]} 30... d5+ { [%clk 0:44:29]}
31. cxd5 {[%clk 0:17:52]} 31... cxd5+ {[%clk 0:44:42]} 32. Kxd5 {[%clk
0:18:14]} 32... Rd8+ {[%clk 0:45:04]} 33. Kc6 {[%clk 0:17:39]} 33... Rxh3
{[%clk 0:44:30]} 34. Kb7 {[%clk 0:16:12]} 34... Rd7+ {[%clk 0:44:44]} 35. Ka8
{[%clk 0:12:55]} 35... Rhxd3 {[%clk 0:44:01]} 36. Rc8+ {[%clk 0:11:39]} 36...
Kh7 {[%clk 0:43:50]} 37. Rb8 {[%clk 0:11:39]} 37... e4 {[%clk 0:43:51]} 38. Rb7
{[%clk 0:10:56]} 38... e3 {[%clk 0:43:44]} 39. fxe3 {[%clk 0:11:19]} 39... Kg6
{[%clk 0:39:59]} 40. exf4 {[%clk 0:10:34]} 40... Kf5 {[%clk 0:36:31]} 41. Kxa7
{[%clk 0:10:41]} 41... Rd8 {[%clk 0:35:41]} 42. Rxb6 {[%clk 0:10:23]} 42... h5
{[%clk 0:35:02]} 43. Rb8 {[%clk 0:09:29]} 43... R8d7+ {[%clk 0:35:04]} 44. Rb7
{[%clk 0:09:50]} 44... Rd8 {[%clk 0:35:20]} 45. Rc7 {[%clk 0:08:01]} 45... h4
{[%clk 0:34:49]} 46. b6 {[%clk 0:07:50]} 46... h3 {[%clk 0:34:07]} 47. Rb1
{[%clk 0:05:24]} 47... h2 {[%clk 0:33:25]} 48. Rh7 {[%clk 0:04:39]} 48... Kg6
{[%clk 0:29:09]} 49. Rxh2 {[%clk 0:04:55]} 49... R3d7+ {[%clk 0:28:29]} 50. b7
{[%clk 0:05:19]} 50... Kf5 {[%clk 0:28:40]} 51. Rc2 {[%clk 0:04:50]} 51... Kxf4
{[%clk 0:28:42]} 52. Rbc1 {[%clk 0:05:07]} 52... Re8 {[%clk 0:29:01]} 53. Rc7
{[%clk 0:05:08]} 53... Rd6 {[%clk 0:28:57]} 54. R1c6 {[%clk 0:05:01]} 54...
Rxc6 {[%clk 0:25:18]} 55. Rxc6 {[%clk 0:05:23]} 55... Re7 {[%clk 0:25:45]} 56.
Kb6 {[%clk 0:05:41]} 1-0